<?xml version="1.0" encoding="UTF-8"?>
<record
    xmlns:xsi="http://www.w3.org/2001/XMLSchema-instance"
    xsi:schemaLocation="http://www.loc.gov/MARC21/slim http://www.loc.gov/standards/marcxml/schema/MARC21slim.xsd"
    xmlns="http://www.loc.gov/MARC21/slim">

  <leader>00432nam a22001697a 4500</leader>
  <controlfield tag="003">OSt</controlfield>
  <controlfield tag="008">210814b           ||||| |||| 00| 0 eng d</controlfield>
  <datafield tag="020" ind1=" " ind2=" ">
    <subfield code="a">9789386224583</subfield>
  </datafield>
  <datafield tag="082" ind1=" " ind2=" ">
    <subfield code="a">294.5922</subfield>
    <subfield code="b">AMS</subfield>
  </datafield>
  <datafield tag="100" ind1="G" ind2=" ">
    <subfield code="a">TRIPATHI, Amish</subfield>
  </datafield>
  <datafield tag="245" ind1=" " ind2=" ">
    <subfield code="a">Sita: Warrior of Mithila</subfield>
    <subfield code="b">Book 2 of The Ram Chandra Series</subfield>
  </datafield>
  <datafield tag="250" ind1=" " ind2=" ">
    <subfield code="a">Ed</subfield>
  </datafield>
  <datafield tag="260" ind1=" " ind2=" ">
    <subfield code="a">Chennai</subfield>
    <subfield code="b">Westland Publication</subfield>
    <subfield code="c">2017</subfield>
  </datafield>
  <datafield tag="300" ind1=" " ind2=" ">
    <subfield code="a">361</subfield>
  </datafield>
  <datafield tag="650" ind1=" " ind2=" ">
    <subfield code="a">Religious</subfield>
  </datafield>
  <datafield tag="942" ind1=" " ind2=" ">
    <subfield code="2">ddc</subfield>
    <subfield code="c">BK</subfield>
  </datafield>
  <datafield tag="999" ind1=" " ind2=" ">
    <subfield code="c">10961</subfield>
    <subfield code="d">10961</subfield>
  </datafield>
  <datafield tag="952" ind1=" " ind2=" ">
    <subfield code="0">0</subfield>
    <subfield code="1">0</subfield>
    <subfield code="2">ddc</subfield>
    <subfield code="4">0</subfield>
    <subfield code="7">0</subfield>
    <subfield code="8">IKS</subfield>
    <subfield code="a">PIET</subfield>
    <subfield code="b">PIET</subfield>
    <subfield code="d">2021-09-22</subfield>
    <subfield code="e">Shree Radhe Dharmik Pustak Bhandar</subfield>
    <subfield code="f">IN Rupees</subfield>
    <subfield code="g">450.00</subfield>
    <subfield code="k">1042</subfield>
    <subfield code="l">0</subfield>
    <subfield code="o">294.5922 AMS</subfield>
    <subfield code="p">33235</subfield>
    <subfield code="r">2021-09-29 00:00:00</subfield>
    <subfield code="v">405.00</subfield>
    <subfield code="w">2021-09-22</subfield>
    <subfield code="y">BK</subfield>
    <subfield code="z">Religious</subfield>
  </datafield>
</record>
